00590nam a22001817a 450000500170000001000150001702000260003203500140005803700150007208200120008724501170009926000450021627000670026130000260032870000170035470000220037170000150039320180711165848.0 aENG-123448 c250.00a9780199467609 aEN-106980 bDBAD/PUB.  a891.409 aListen to the flames:ced. by Tapan Basu; Indranil Acharya [and] A. Mangaibtexts and reading from the margins / aNew DelhibOxford University Pressc2016 a2/11, Ground Floor, Ansari Road, Daryaganj,bNew Delhie110002 axxiv,160p.c21cm(pbk) aBasu, Tapan  a Acharya,Indranil aMangai A.